000 00628nam a2200253Ia 4500
005 20260121114129.0
008 008 260114s9999 xx 000 0 eng d
020 _a9783527818310
037 _aEBOOK
040 _aCRL
040 _beng
040 _cCRL
041 _2eng
041 _aeng
084 _qCRL
100 _aBernd H. A. Rehm
_9971231
245 0 _aBiopolymers for Biomedical and Biotechnological Applications
260 _bWiley
260 _c2021
856 _uhttps://onlinelibrary.wiley.com/doi/book/10.1002/9783527818310
942 _cEBOOK
999 _c1550486
_d1550486